Life histories Of North American... (Record no. 602444)

MARC details
000 -LEADER
fixed length control field 00421nam a2200145Ia 4500
008 - FIXED-LENGTH DATA ELEMENTS--GENERAL INFORMATION
fixed length control field 100415s9999 xx 000 0 und d
082 ## - DEWEY DECIMAL CLASSIFICATION NUMBER
Item number 19547
Classification number 598.2(70)
100 ## - MAIN ENTRY--PERSONAL NAME
Personal name Bent,A.C
245 ## - TITLE STATEMENT
Title Life histories Of North American...
260 ## - PUBLICATION, DISTRIBUTION, ETC. (IMPRINT)
Place of publication, distribution, etc WASHINGTON
Date of publication, distribution, etc 1938
Name of publisher, distributor, etc SMITHSONIAN INSTITUTION
365 ## - TRADE PRICE
Price amount 0
630 ## - SUBJECT ADDED ENTRY--UNIFORM TITLE
Uniform title Life histories Of North American...
730 ## - ADDED ENTRY--UNIFORM TITLE
Uniform title Life histories Of North American...
942 ## - ADDED ENTRY ELEMENTS (KOHA)
Koha item type Book
Holdings
Withdrawn status Lost status Damaged status Not for loan Home library Current library Date acquired Cost, normal purchase price Total Checkouts Full call number Barcode Date last seen Price effective from Koha item type
        Bombay Natural History Society Bombay Natural History Society 02/06/2001 0.00   598.2(70) 19547 BNHS-19547 04/15/2010 04/15/2010 Book